000 02081cam a22005174i 4500
003 PE-LiUPU
005 20250731165630.0
008 150616s r 000 0 d
020 _a8420652024
035 _a(Sirsi) i9788420652023
040 _aPE-LiUPU
_bspa
_cPE-LiUPU
_erda
049 _aPRUA
082 0 4 _a103d
_bF39
_221
100 1 _aFerrater Mora, José,
_d1912-1991,
_eautor.
245 1 0 _aDiccionario de Filosofía.
_n2 /
_cJosé Ferrater Mora.
264 1 _aBarcelona :
_bAlianza Editorial, S.A.,
_c1986.
300 _a1836 páginas :
_b23 cm.
336 _atext
_2rdacontent
337 _aunmediated
_2rdamedia
338 _avolume
_2rdacarrier
505 0 _aSignificado de palabras comunmente usadas en filosofía de la letra E-J Diccionarios.
526 _aSEG44
526 _aSEG26
526 _aP151
526 _aP150
526 _aP149
526 _aP146
526 _aP145
526 _aP126
526 _aP125
526 _aP92
526 _aP75
526 _aP74
526 _aP27
526 _aP15
650 0 4 _aFilosofía
_vDiccionarios.
910 _ajck
_bjvq
_cjck
942 _2ddc
_cBOOK
949 _aRC 103 F39 2
_wDEWEY
_c1
_i29744
_lCCODEBUL1
_mBUL
_r0
_sY
_tBOOK
_u2015-8-28
_xSALUD
_zUNKNOWN
_0COMPRA
_o.CIRCNOTE. No olvidar cambiar la fecha de devolución!!!!!!!
_o.STAFF. RC
949 _aRC 103D F39 2
_wDEWEY
_c1
_i39675
_lCCODEBUL1
_mBUL
_r0
_sY
_tBOOK
_u2015-6-16
_xTEOLOGIA
_zUNKNOWN
_0COMPRA
_o.CIRCNOTE. No olvidar cambiar la fecha de devolución!!!!!!!
_o.STAFF. Colección General
994 _aC0
_bPEPRU
596 _a1
999 _aRC 103D F39 2
_wDEWEY
_c57538
_i39675
_f2021-11-8
_g5
_lRCG
_mBUL
_r1
_sY
_tBOOK
_u2015-6-16
_xBIBLIOTECA
_zUNKNOWN
_0COMPRA
_o.CIRCNOTE. No olvidar cambiar la fecha de devolución!!!!!!!
_o.STAFF. Colección General
_d57538
999 _aRC 103 F39 2
_wDEWEY
_c1
_i29744
_f2019-12-11
_g4
_lDISCARD
_mBUL
_r0
_sY
_tBOOK
_u2015-8-28
_xSALUD
_zUNKNOWN
_0COMPRA
_o.CIRCNOTE. No olvidar cambiar la fecha de devolución!!!!!!!
_o.STAFF. RC
980 _81
_gALBERTO SANCHEZ Responsable de Automatización